000 02983nam0a2200397 4500
001 RU\NLR\BIBL_A\022491657
005 20250515151823.0
010 _a978-5-16-020226-6
_9500
021 _aRU
_bКН-П-25-001069
_9КН-П-25-0091
035 _a(NLR Aleph) 022491657
090 _a13382338
_c13382338
100 _a20250317d2025 u y0rusy50 ca
101 0 _arus
102 _aRU
105 _aa|||j|||000yy
181 0 _ai3
_baxxe
182 0 _an
200 1 _aСемейно-правовая политика Российской Федерации
_eтрадиционные ценности и нравственные нормы
_eучебное пособие
_eдля студентов, обучающихся по направлению "Юриспруденция"
_f[Бердникова Анна Александровна, кандидат юридических наук, преподаватель, Бочкова Светлана Сергеевна, кандидат юридических наук, доцент, Васильева Оксана Николаевна, кандидат юридических наук, доцент и др.]
_gпод редакцией доктора юридических наук, профессора Г. Ф. Ручкиной, кандидата юридических наук, доцента Н. А. Матвеевой
_gФинансовый университет при Правительстве Российской Федерации
203 _aТекст
_bвизуальный
_cнепосредственный
210 _aМосква
_cИНФРА-М
_d2025
215 _a202 с.
_cил., табл.
_d21
225 1 _aВысшее образование
300 _aАвт. указаны на 3-й с.
320 _aБиблиогр.: с. 199-200 (15 назв.), в тексте и в подстроч. примеч.
606 1 _aСемейная политика
_jУчебные издания для высших учебных заведений
_xПравовое регулирование
_yРоссийская Федерация
_92267485
_3RU\NLR\AUTH\6601588558
686 1 _aХ624я73
701 1 _aБердникова
_bА. А.
_gАнна Александровна
701 1 _aБочкова
_bС. С.
_gСветлана Сергеевна
701 1 _aВасильева
_bО. Н.
_cканд. юрид. наук, экономист
_f1976-
_gОксана Николаевна
_9175160
_3RU\NLR\AUTH\770175211
702 1 _aРучкина
_bГ. Ф.
_cд-р юрид. наук
_f1971-
_gГульнара Флюровна
_9146453
_3RU\NLR\AUTH\770146489
712 0 2 _4570
_aФинансовый университет при Правительстве Российской Федерации
_cМосква
_9838093
_3RU\NLR\AUTH\8810171129
942 _cBOOK
980 _aNB